| 000 | 00359nam a2200145Ia 4500 | ||
|---|---|---|---|
| 005 | 20251222141807.0 | ||
| 008 | 251222s9999||||xx |||||||||||||| ||spa|| | ||
| 020 | _a9789972604522 | ||
| 082 | _a631.587/P19 | ||
| 100 | _aPalacios, Jonathan | ||
| 245 | 0 | _aAgua | |
| 250 | _a1ra. ed. | ||
| 264 | _bFondo Editorial de la Universidad Peruana Unión | ||
| 942 | _cLIB | ||
| 999 |
_c6332 _d6332 |
||